01023 2200205 4500001002100000005001500021035002000036245008200056100002100138250001700159300002900176260004400205082000800249084001400257020001800271600001000289520048600299990001600785990001600801INLIS00000000000088220250120110215 a0010-01250000551 aEnsilkopedi Eksperimen Sains Lengkap :bListrik dan Kimia /cTim Listafariska0 aTim Listafariska acetakan ke-1 a108 hlm :bIlus ;c24 cm aJakarta :bPT Listafariska Putra,c2006 a500 a500 TIM e a979-123-507-4 4asains aEnsiklopedi percobaan ini dipersembahkan buat anak-anak Sekolah Dasar dengan Sistem Kelas Belajar Siswa Aktif. Dengan metode yang sangat atraktif dan menarik buku ini diharapkan bisa mendorong semangat anak-anak untuk menjadi peneliti dan penemu di dunia Sains yang berkembang pesat. Ensiklopedi pemula ini diharapkan menjadi buku pemula bagi para saintis dan merangsang semangat belajar bagi anak-anak karena dihiasi dengan ilustrasi yang penuh warna dan memikat buat anak-anak a00000004746 a00000004657